000 00444nam a2200181Ia 4500
001 8844
005 20260306160640.0
008 260306t2014||||xx |||||||||||||| ||spa||
041 _aESP
082 _a371.4
_bM585
100 _aMüller, Mariana
_eAUT
245 0 _aDocentes tutores:
_borientación educativa y tutoría
260 _c2014
300 _a283 páginas :
_c22 cm.
650 _aGEN
654 _aCED
942 _cLIB
_dJUS
_fJUS
_2ddc
_n
999 _c8844
_d8844